000 01178nam a22003132i 4500
001 33001
003 BD-RjUL
005 20211209051930.0
008 140429s1983 ii b 001 0ceng d
035 _aOCLC ocm03584194 from D960517M
_a(BD-RjUL)33091
040 _aINT
_cINT
_dBD-RjUL
_beng
041 1 _aengund
082 _a297.9
_bNAS V-3 1983
090 _aBP70
_b.N31713 1976
100 1 _aNadwi, Abulḥasan ʿAli,
_d1913-
_9100295
245 1 0 _aSaviours of Islamic spirit /
_cby Abul Hasan Ali Nadwi ; Translation Mohiuddin Ahmad
260 _aIndia :
_bAcademy of Islamic Research and Publications,
_c1983.
300 _avi, 362 p. ;
_c23 cm
490 1 _aSeries / Academy of Islamic Research and Publications ;
_vno. 48
504 _aIncludes bibliographical references and index
505 0 _aVol. 1 -- v. 2 -- v. 3 --
650 0 _aMuslims
_vBiography.
_998030
650 0 _aIslam
_9100296
700 1 _aAhmad, Mohiuddin.
_9100291
710 2 _aAcademy of Islamic Research & Publications (Lucknow, India)
_9100298
830 0 _vno. 48
_9168974
830 0 _aSeries (Academy of Islamic Research & Publications (Lucknow, India)) ;
_9168975
942 _2ddc
_cBK
999 _c33001
_d33001